| 000 | 01317pam a2200385 i 4500 | ||
|---|---|---|---|
| 001 | vtls000739556 | ||
| 003 | PNM | ||
| 005 | 20200719165039.0 | ||
| 008 | 140416s20142013my a j 000 0 may | ||
| 015 | _aM14-10470 | ||
| 020 |
_a9789674305567 _qset |
||
| 020 |
_a9789674305437 _qpaperback |
||
| 039 | 9 |
_a201412241641 _bhabirah _c201409221147 _damy_z _c201409081242 _dnorsyahiza _c201404170828 _dazma |
|
| 040 |
_aBNM _beng _cBNM _erda _dPPAK |
||
| 049 | _amal | ||
| 082 | 0 | 4 |
_a530.078 _223 |
| 090 | 0 | 0 |
_a530.078 _bUJI _dK |
| 240 | 0 | 0 |
_aExperiments with Materials. _lEnglish |
| 245 | 0 | 0 |
_aUJI KAJI dengan BAHAN / _cPenterjemah Nur Ain Hafiza Mat Jusoh |
| 246 | 3 | 3 |
_iTranslation of: _aExperiments with materials |
| 264 | 1 |
_aKuala Lumpur : _bInstitut Terjemahan & Buku Malaysia, _c2014 |
|
| 264 | 4 | _c©2013 | |
| 300 |
_a26 pages : _bcolour illustrations ; _c28 cm. |
||
| 336 |
_atext _2rdacontent |
||
| 337 |
_aunmediated _2rdamedia |
||
| 338 |
_avolume _2rdacarrier |
||
| 490 | 1 | _aSIRI UJI KAJI ITBM | |
| 650 | 1 | 0 |
_aMaterials _xExperiments _vJuvenile literature |
| 700 | 0 |
_aNur Ain Hafiza Mat Jusoh, _etranslator. |
|
| 765 |
_dNew Delhi: Sterling Publishers Pvt. Ltd., 2013. _tExperiments with Materials. |
||
| 830 | 0 | _aSiri uji kaji ITBM | |
| 942 |
_2ddc _cB |
||
| 949 | _63000034433 | ||
| 949 | _63000034432 | ||
| 999 |
_c178307 _d178307 |
||